Matemáticas 1.

I tiakina i:
Ngā taipitopito rārangi puna kōrero
Kaituhi matua: Baltazar Vicencio, Carlos (autor)
Ētahi atu kaituhi: Ojeda Animas, Luis Fernando (autor) (autor), Ruíz Flores González, Eric (autor) (autor)
Hōputu: Pukapuka
Reo:Pāniora
Ngā marau:
Ngā Tūtohu: Tāpirihia he Tūtohu
Kāore He Tūtohu, Me noho koe te mea tuatahi ki te tūtohu i tēnei pūkete!

MARC

LEADER 00000nam^a2200000^u^4500
001 000530991
005 20250521000000.0
008 070316s1000^^^^^^^^^^^^r^^^^^000^0^spa^d
009 20260310130842.706
022 |a 9786074639377 
035 |a FCE 000075239 
037 |a Acervo ITESO - Biblioteca 
041 |a spa 
082 0 4 |a 373.7  |b BALm 
100 |a Baltazar Vicencio, Carlos  |e (autor) 
245 1 0 |a Matemáticas 1. 
264 |a México :  |b Castillo,  |c 2013. 
300 |a 264 p. :  |b il. 
336 |a texto  |b txt  |2 rdacontenido 
337 |a sin mediación  |b n  |2 rdamedio 
338 |a volumen  |b nc  |2 rdasoporte 
649 |a XX 
650 |a Matemáticas 
650 |a Estudio y enseñanza 
650 |a Libros de texto 
650 |a Educación secundaria 
700 |a Ojeda Animas, Luis Fernando  |e (autor) 
700 |a Ruíz Flores González, Eric  |e (autor) 
910 |a Fondo Centro de Estudios Educativos 
920 |a Impresos - Libros 
930 |a Fondos Especiales 
905 |a 133 
901 |a ALE072864  |b IT2  |c CEE  |u 20250521 
902 |a https://opac.biblio.iteso.mx/vufind/Record/000530991